[Event "Rochefort op-B 16th"]
[Site "Rochefort"]
[Date "2017.02.18"]
[Round "8"]
[White "Augereau, Cyrille"]
[Black "Rebelles Caceres, Jose Antonio"]
[Result "1-0"]
[WhiteElo "1882"]
[BlackElo "1775"]
[PlyCount "61"]
[EventDate "2017.02.18"]
[EventType "swiss"]
[EventRounds "9"]
[EventCountry "FRA"]
[SourceTitle "CBM 177 Extra"]
[Source "ChessBase"]
[SourceDate "2017.04.27"]
[SourceVersion "1"]
[SourceVersionDate "2017.04.27"]
[SourceQuality "1"]

1. Nc3 Nf6 2. e4 e5 3. Nf3 Nc6 4. d4 exd4 5. Nxd4 Bb4 6. Nxc6 Bxc3+ 7. bxc3 dxc6 8. Bd3 Bg4 9. Qd2 Qe7 10. 0-0 0-0 11. Re1 Rfe8 12. Bb2 Qe5 13. Rab1 Qa5 14. Qf4 Bh5 15. c4 Nd7 16. e5 Nf8 17. Qh4 Bg6 18. f4 Bxd3 19. cxd3 Qd2 20. Qg3 Re7 21. Ba1 Rd8 22. Rbd1 Qc2 23. f5 g6 24. e6 fxe6 25. Bf6 Rde8 26. Bxe7 Rxe7 27. fxg6 Nxg6 28. Qf2 Qa4 29. Rf1 Qa5 30. h4 Qc3 31. h5 1-0

[Event "Chateauroux op 15th"]
[Site "Chateauroux"]
[Date "2014.10.25"]
[Round "1"]
[White "Florence, Gerard"]
[Black "Augereau, Cyrille"]
[Result "0-1"]
[WhiteElo "1537"]
[BlackElo "1943"]
[PlyCount "76"]
[EventDate "2014.10.25"]
[EventType "swiss"]
[EventRounds "7"]
[EventCountry "FRA"]
[SourceTitle "EXT 2015"]
[Source "ChessBase"]
[SourceDate "2014.11.20"]
[SourceVersion "1"]
[SourceVersionDate "2014.11.20"]
[SourceQuality "1"]

1. d4 Nc6 2. c4 e5 3. Nf3 Bb4+ 4. Nc3 e4 5. Ne5 Nf6 6. Bg5 h6 7. Bh4 Qe7 8. Ng4 g5 9. Nxf6+ Qxf6 10. Bg3 Nxd4 11. Rc1 d6 12. Qa4+ Nc6 13. a3 Bxc3+ 14. Rxc3 Bd7 15. Qc2 Qe7 16. e3 f5 17. Be2 0-0-0 18. 0-0 Rdf8 19. f4 exf3 20. Bxf3 Ne5 21. Bd5 c6 22. c5 dxc5 23. Rxc5 f4 24. exf4 gxf4 25. Bxf4 Nd3 26. Rc4 Nxf4 27. Rcxf4 Rxf4 28. Rxf4 Qe3+ 29. Rf2 Rf8 30. Bf3 Kb8 31. Qd1 Kc7 32. Kf1 Be6 33. Qc2 Qd4 34. Qg6 Bc4+ 35. Kg1 Bd5 36. Qg3+ Kb6 37. Bxd5 Qd1+ 38. Rf1 Qxf1# 0-1

[Event "Creon op 11th"]
[Site "Creon"]
[Date "2006.07.31"]
[Round "1"]
[White "Nevednichy, Vladislav"]
[Black "Augereau, Cyrille"]
[Result "1-0"]
[WhiteElo "2576"]
[BlackElo "2019"]
[PlyCount "23"]
[EventDate "2006.07.31"]
[EventType "swiss"]
[EventRounds "9"]
[EventCountry "FRA"]
[SourceTitle "CBM 113 Extra"]
[Source "ChessBase"]
[SourceDate "2006.09.14"]
[SourceVersion "1"]
[SourceVersionDate "2006.09.14"]
[SourceQuality "1"]

1. e4 Nc6 2. Nf3 Nf6 3. e5 Ng4 4. d4 d6 5. h3 Nh6 6. Nc3 dxe5 7. d5 Nb8 8. Nxe5 c6 9. Bxh6 gxh6 10. Qf3 Qc7 11. Qxf7+ Kd8 12. Qh5 1-0

[Event "Chateauroux op"]
[Site "Chateauroux"]
[Date "2005.11.13"]
[Round "5"]
[White "Prevot, Rodolphe"]
[Black "Augereau, Cyrille"]
[Result "0-1"]
[WhiteElo "1960"]
[BlackElo "2061"]
[PlyCount "22"]
[EventDate "2005.10.30"]
[EventType "swiss"]
[EventRounds "7"]
[EventCountry "FRA"]
[SourceTitle "EXT 2007"]
[Source "ChessBase"]
[SourceDate "2006.11.23"]
[SourceVersion "1"]
[SourceVersionDate "2006.11.23"]
[SourceQuality "1"]

1. Nf3 Nc6 2. c4 d5 3. g3 dxc4 4. Qa4 e5 5. Qxc4 Bd6 6. Nc3 Nb4 7. Nb5 Be6 8. Nxd6+ Qxd6 9. Qb5+ c6 10. Qa4 b5 11. Qd1 Qc5 0-1

[Event "Le Touquet op 20th"]
[Site "Le Touquet"]
[Date "2005.10.27"]
[Round "7"]
[White "Augereau, Cyrille"]
[Black "Devolder, Dieter"]
[Result "1/2-1/2"]
[WhiteElo "2061"]
[BlackElo "1869"]
[PlyCount "70"]
[EventDate "2005.10.23"]
[EventType "swiss"]
[EventRounds "9"]
[EventCountry "FRA"]
[SourceTitle "EXT 2006"]
[Source "ChessBase"]
[SourceDate "2005.11.24"]
[SourceVersion "1"]
[SourceVersionDate "2005.11.24"]
[SourceQuality "1"]

1. Nc3 d5 2. e4 d4 3. Nce2 e5 4. Ng3 Be6 5. Be2 Ne7 6. Bg4 Qd7 7. Bxe6 Qxe6 8. Nf3 f6 9. d3 g6 10. c3 c5 11. Qa4+ Nd7 12. Bd2 Nc6 13. Qb3 Qxb3 14. axb3 Bd6 15. Ke2 Ke7 16. Bh6 Ke6 17. h4 b6 18. Nd2 Na5 19. Ra4 Rhc8 20. b4 cxb4 21. cxb4 Nc6 22. b5 Nd8 23. Nc4 Be7 24. Rha1 Rc7 25. b4 Nf7 26. Bd2 f5 27. h5 f4 28. hxg6 hxg6 29. Nf1 g5 30. f3 Nh6 31. Nh2 Ng8 32. Ng4 Ngf6 33. Nxf6 Kxf6 34. Rh1 Rg8 35. Rha1 Ra8 1/2-1/2

[Event "Le Touquet op 20th"]
[Site "Le Touquet"]
[Date "2005.10.24"]
[Round "2"]
[White "Heyman, Jacques"]
[Black "Augereau, Cyrille"]
[Result "1-0"]
[WhiteElo "1973"]
[BlackElo "2055"]
[PlyCount "87"]
[EventDate "2005.10.23"]
[EventType "swiss"]
[EventRounds "9"]
[EventCountry "FRA"]
[SourceTitle "EXT 2006"]
[Source "ChessBase"]
[SourceDate "2005.11.24"]
[SourceVersion "1"]
[SourceVersionDate "2005.11.24"]
[SourceQuality "1"]

1. d4 Nc6 2. Nf3 d6 3. Bf4 Bg4 4. Nbd2 Nxd4 5. Nxd4 e5 6. Be3 exd4 7. Bxd4 d5 8. h3 Bd7 9. e3 c5 10. Be5 Nf6 11. Be2 Bc6 12. 0-0 Bd6 13. Bxd6 Qxd6 14. c3 0-0 15. Bf3 Rad8 16. Qc2 Rfe8 17. Rad1 Qe5 18. c4 d4 19. Bxc6 bxc6 20. exd4 cxd4 21. Nf3 Qe4 22. Qxe4 Rxe4 23. b4 d3 24. Nd2 Re2 25. a3 g6 26. Rfe1 Nh5 27. g3 f5 28. Kg2 Ng7 29. Nf3 Ra2 30. Ne5 Rxa3 31. Nxc6 Rd6 32. Ne5 Rd4 33. Re3 Re4 34. Kf3 Ne6 35. Rxe4 fxe4+ 36. Kxe4 Ng5+ 37. Kd5 Nxh3 38. Nxd3 Ng5 39. c5 Kf8 40. Kc6 Ne6 41. Kd7 Kf7 42. Ne5+ Kf6 43. Rd6 Kxe5 44. Rxe6+ 1-0

[Event "Nogent le Retrou op"]
[Site "Nogent le Retrou "]
[Date "2005.03.27"]
[Round "4"]
[White "Do Huu Thuy, Trang"]
[Black "Augereau, Cyrille"]
[Result "1-0"]
[WhiteElo "2119"]
[BlackElo "2056"]
[PlyCount "77"]
[EventDate "2005.03.25"]
[EventType "swiss"]
[EventRounds "9"]
[EventCountry "FRA"]
[SourceTitle "EXT 2007"]
[Source "ChessBase"]
[SourceDate "2006.11.23"]
[SourceVersion "1"]
[SourceVersionDate "2006.11.23"]
[SourceQuality "1"]

1. Nf3 Nc6 2. d4 d6 3. d5 Ne5 4. c4 Nxf3+ 5. gxf3 g6 6. Bg2 Bg7 7. 0-0 Bd7 8. Nc3 Nf6 9. f4 Qc8 10. Qd3 0-0 11. Bd2 c5 12. a4 Nh5 13. h3 Bh6 14. Qf3 a6 15. Rad1 b5 16. axb5 axb5 17. cxb5 Qb7 18. e3 Bg7 19. Qe4 Rfb8 20. Bc1 Kf8 21. Bf3 Nf6 22. Qc2 Bxh3 23. Rfe1 Qd7 24. Rd3 Bg4 25. Bg2 Bh3 26. Bf3 Bg4 27. Bh1 Qc8 28. e4 Bd7 29. e5 Ne8 30. e6 Bxb5 31. Rg3 Nf6 32. f5 Nh5 33. fxg6 hxg6 34. Rg5 Ra1 35. exf7 Nf4 36. Qe4 Bf6 37. Qxf4 Bxg5 38. Qxg5 Qd7 39. Qxg6 1-0

[Event "Checy op 1st"]
[Site "Checy"]
[Date "2002.05.19"]
[Round "3"]
[White "Belenfant, Eric"]
[Black "Augereau, Cyrille"]
[Result "1-0"]
[WhiteElo "2008"]
[BlackElo "2072"]
[PlyCount "45"]
[EventDate "2002.05.18"]
[EventType "swiss"]
[EventRounds "6"]
[EventCountry "FRA"]
[SourceTitle "CBM 088 Extra"]
[Source "ChessBase"]
[SourceDate "2002.07.01"]
[SourceVersion "2"]
[SourceVersionDate "2002.07.01"]
[SourceQuality "1"]

1. d4 Nc6 2. Nf3 d6 3. d5 Ne5 4. Nxe5 dxe5 5. c4 e6 6. e4 Nf6 7. Nc3 exd5 8. cxd5 Bc5 9. Bb5+ Bd7 10. Qe2 0-0 11. Bg5 c6 12. Ba4 a6 13. Rd1 Bd4 14. 0-0 Qa5 15. Bxf6 gxf6 16. Bb3 c5 17. Rd3 Kh8 18. Qh5 b5 19. Rg3 Qd8 20. d6 c4 21. Nd5 Be6 22. Qh6 Rg8 23. Nxf6 1-0